00459 2200181 4500001002100000008004100021020002200062035002000084082000800104084001400112100002300126245003300149260002800182300002600210650001100236990001500247990001500262INLIS000000000003308 ind  a978-623-522-769-6 a0010-1225000129 a530 a530 SIS x aSiswanto, Siswanto aX-Press TKA FisikacSiswanto aJakartabErlanggac2025 a132 hlmc21 x 25,5 cm aFisika a19788/B/26 a19789/B/26